XII Всероссийский съезд по фундаментальным проблемам теоретической и прикладной механики, Уфа, 19-24 августа 2019 г. (Запись № 12251504)

Подробности
000 -МАРКЕР
контрольное поле 01680nam1a2200325 i 4500
001 - ИДЕНТИФИКАТОР ЗАПИСИ
контрольное поле RU\NLR\BIBL_A\012505809
005 - ИДЕНТИФИКАТОР ВЕРСИИ
контрольное поле 20241110063104.0
035 ## - ДРУГИЕ СИСТЕМНЫЕ НОМЕРА
Идентификатор записи (NLR Aleph) 012505809
100 ## - ДАННЫЕ ОБЩЕЙ ОБРАБОТКИ
Данные общей обработки 20210419g2019 k y0rusy50 ca
101 0# - ЯЗЫК РЕСУРСА
Язык текста, звукозаписи и т.д. русский
102 ## - СТРАНА ПУБЛИКАЦИИ ИЛИ ПРОИЗВОДСТВА
Страна публикации Российская Федерация
105 ## - ПОЛЕ КОДИРОВАННЫХ ДАННЫХ: ТЕКСТОВЫЕ МАТЕРИАЛЫ, МОНОГРАФИЧЕСКИЕ
Кодированные данные о монографическом текстовом документе ||||z|||1||||
181 #0 - ПОЛЕ КОДИРОВАННЫХ ДАННЫХ: ВИД СОДЕРЖАНИЯ
Код вида содержания (ISBD) i
Код характеристики содержания (ISBD) axxe
182 #0 - ПОЛЕ КОДИРОВАННЫХ ДАННЫХ: ТИП СРЕДСТВА
Код типа средства (ISBD) n - непосредственное
200 1# - ЗАГЛАВИЕ И СВЕДЕНИЯ ОБ ОТВЕТСТВЕННОСТИ
Основное заглавие XII Всероссийский съезд по фундаментальным проблемам теоретической и прикладной механики, Уфа, 19-24 августа 2019 г.
Сведения, относящиеся к заглавию сборник трудов
-- в 4 томах
203 ## - ВИД СОДЕРЖАНИЯ И ТИП СРЕДСТВА
Вид содержания Текст
Дополнительные сведения об издании визуальный
Тип средства непосредственный
210 ## - ПУБЛИКАЦИЯ, РАСПРОСТРАНЕНИЕ И ДР.
Место издания, распространения и т.д. Уфа
Имя издателя, распространителя и т. д. РИЦ БашГУ
Дата издания, распространения и т.д. 2019
215 ## - ФИЗИЧЕСКАЯ ХАРАКТЕРИСТИКА
Размеры 21
313 ## - ПРИМЕЧАНИЯ, ОТНОСЯЩИЕСЯ К ТЕМАТИЧЕСКОМУ ДОСТУПУ
Текст примечания 10 съезд 2011 г.
532 10 - РАСШИРЕННОЕ ЗАГЛАВИЕ
Заглавие Двенадцатый Всероссийский съезд по фундаментальным проблемам теоретической и прикладной механики, Уфа, 19-24 августа 2019 г.
606 ## - НАИМЕНОВАНИЕ ТЕМЫ КАК ПРЕДМЕТ
Наименование темы Теоретическая механика
Формальный подзаголовок Съезды, совещания и т.п
Системный номер авторитетной/нормативной записи 968594
Идентификатор авторитетной/нормативной записи RU\NLR\AUTH\6644041
606 1# - НАИМЕНОВАНИЕ ТЕМЫ КАК ПРЕДМЕТ
Наименование темы Прикладная механика
Формальный подзаголовок Съезды, совещания и т.п
Системный номер авторитетной/нормативной записи 983097
Идентификатор авторитетной/нормативной записи RU\NLR\AUTH\66370323
686 1# - ИНДЕКСЫ ДРУГИХ КЛАССИФИКАЦИЙ
Индекс В2я431(2)
710 12 - НАИМЕНОВАНИЕ ОРГАНИЗАЦИИ - ПЕРВИЧНАЯ ОТВЕТСТВЕННОСТЬ
Начальный элемент ввода Всероссийский съезд по фундаментальным проблемам теоретической и прикладной механики
Порядковый номер временной организации и / или порядковый номер ее части 12
Место проведения временной организации Уфа
Дата проведения временной организации 2019
Системный номер авторитетной/нормативной записи 679097
Идентификатор авторитетной/нормативной записи RU\NLR\AUTH\880509421
852 ## - МЕСТОНАХОЖДЕНИЕ И ШИФР ХРАНЕНИЯ
Идентификатор организации NLR
Наименование фонда или коллекции (Sub-Location Identifier) 2021-3/8729
942 ## - ДОПОЛНИТЕЛЬНЫЕ ЭЛЕМЕНТЫ ЗАПИСИ (АБИС)
Тип экземпляра АБИС Книга

Нет доступных экземпляров.